[Event "BL 2018-19"]
[Site "Berlin"]
[Date "2019.03.01"]
[Round "9.23"]
[White "Hoi, Carsten"]
[Black "Sebastian, Dirk"]
[Result "1/2-1/2"]
[WhiteElo "2380"]
[BlackElo "2442"]
[Annotator "NA"]
[PlyCount "39"]
[EventDate "2018.11.10"]
[EventType "team-tourn"]
[EventCountry "GER"]
[SourceTitle "playchess.com"]
[Source "ChessBase"]
[SourceQuality "1"]
[WhiteTeam "Kiel"]
[BlackTeam "Hamburg SK"]
[TimeControl "40/6000+30:3000+30"]

1. d4 {[%emt 0:01:23]} g6 {[%emt 0:00:00]} 2. c4 {[%emt 0:01:24]} Bg7 {[%emt 0:00:00]} 3. Nc3 {[%emt 0:00:23]} d6 {[%emt 0:00:32]} 4. e4 {[%emt 0:01:18]} Nd7 {[%emt 0:00:59]} 5. Be3 {[%emt 0:03:20]} e5 {[%emt 0:01:39]} 6. Nge2 {[%emt 0:02:04]} Ne7 {[%emt 0:02:48]} 7. Qd2 {[%emt 0:05:33]} O-O {[%emt 0:05:59]} 8. O-O-O {[%emt 0:10:45]} exd4 {[%emt 0:12:50]} 9. Nxd4 {[%emt 0:02:20]} Ne5 {[%emt 0:07:10]} 10. Be2 {[%emt 0:03:54]} N7c6 {[%emt 0:07:05]} 11. h4 {[%emt 0:07:10]} Nxd4 {[%emt 0:05:34]} 12. Bxd4 {[%emt 0:01:24]} Be6 {[%emt 0:10:32]} 13. Nd5 {[%emt 0:20:32]} Bxd5 {[%emt 0:10:47]} 14. cxd5 {[%emt 0:05:06]} Nd7 {[%emt 0:04:03]} 15. Bxg7 {[%emt 0:03:01]} Kxg7 {[%emt 0:00:08]} 16. f4 {[%emt 0:03:00]} Re8 {[%emt 0:03:41]} 17. Bf3 {[%emt 0:03:19]} h5 {[%emt 0:02:28]} 18. g3 {[%emt 0:02:38]} Qf6 {[%emt 0:02:44]} 19. Rhe1 {[%emt 0:01:24]} Re7 {[%emt 0:01:12]} 20. Re3 {[%emt 0:03:33]} 1/2-1/2

[Event "BL 2018-19"]
[Site "Berlin"]
[Date "2019.03.01"]
[Round "9.24"]
[White "Howell, David W L"]
[Black "Mandel, Andreas"]
[Result "1-0"]
[WhiteElo "2693"]
[BlackElo "2392"]
[Annotator "ChessBase"]
[PlyCount "107"]
[EventDate "2018.11.10"]
[EventType "team-tourn"]
[EventCountry "GER"]
[SourceTitle "playchess.com"]
[Source "ChessBase"]
[SourceQuality "1"]
[WhiteTeam "Hockenheim"]
[BlackTeam "Viernheim"]
[TimeControl "40/6000+30:3000+30"]

1. d4 {[%emt 0:00:00]} Nf6 {[%emt 0:00:00]} 2. Nf3 {[%emt 0:00:54]} g6 {[%emt 0:00:02]} 3. g3 {[%emt 0:01:50]} Bg7 {[%emt 0:00:30]} 4. Bg2 {[%emt 0:00:07]} O-O {[%emt 0:00:26]} 5. O-O {[%emt 0:00:07]} d6 {[%emt 0:00:38]} 6. b3 {[%emt 0:00:04]} c5 {[%emt 0:11:33]} 7. Bb2 {[%emt 0:01:09]} cxd4 8. Nxd4 {[%emt 0:00:16]} d5 {[%emt 0:05:50]} 9. c4 {[%emt 0:02:16]} dxc4 {[%emt 0:05:22]} 10. bxc4 {[%emt 0:00:49]} Qc7 {[%emt 0:11:10]} 11. Qc1 {[%emt 0:19:48]} Nc6 {[%emt 0:13:01]} 12. Nxc6 {[%emt 0:01:37]} bxc6 {[%emt 0:00:10]} 13. Nd2 {[%emt 0:00:06]} Bg4 {[%emt 0:09:17]} 14. Re1 {[%emt 0:02:14]} Rab8 {[%emt 0:03:25]} 15. Nb3 {[%emt 0:02:12]} Be6 {[%emt 0:14:03]} 16. Bd4 {[%emt 0:23:35]} Nd7 {[%emt 0:09:20]} 17. Qc3 {[%emt 0:06:45]} Bxd4 {[%emt 0:03:33]} 18. Nxd4 {[%emt 0:00:12]} Qe5 {[%emt 0:04:16]} 19. Qd2 {[%emt 0:21:39]} Qd6 {[%emt 0:06:18]} 20. Red1 {[%emt 0:00:09]} Ne5 {[%emt 0:03:51]} 21. Qc3 {[%emt 0:10:02]} Qb4 {[%emt 0:02:27]} 22. Qxb4 {[%emt 0:00:25]} Rxb4 {[%emt 0:00:08]} 23. c5 {[%emt 0:00:14]} Rc4 {[%emt 0:03:34]} 24. Nxe6 {[%emt 0:14:45]} fxe6 {[%emt 0:00:11]} 25. Rac1 {[%emt 0:00:12]} Rxc1 {[%emt 0:00:46]} 26. Rxc1 {[%emt 0:00:02]} Rc8 {[%emt 0:01:09]} 27. Rc3 {[%emt 0:00:09]} Rc7 {[%emt 0:01:30]} 28. Re3 {[%emt 0:01:43]} Nf7 {[%emt 0:00:47]} 29. Rxe6 {[%emt 0:00:20]} Nd8 {[%emt 0:00:07]} 30. Re3 {[%emt 0:00:13]} Kf7 {[%emt 0:00:37]} 31. f4 {[%emt 0:00:45]} Ne6 {[%emt 0:00:38]} 32. Rc3 {[%emt 0:00:18]} Nd4 {[%emt 0:00:38]} 33. Kf2 {[%emt 0:00:08]} e5 {[%emt 0:00:34]} 34. Rc4 {[%emt 0:01:18]} Kf6 {[%emt 0:00:29]} 35. e3 {[%emt 0:00:30]} Ne6 {[%emt 0:00:33]} 36. h4 {[%emt 0:00:29]} h6 {[%emt 0:00:31]} 37. Be4 {[%emt 0:00:35]} g5 {[%emt 0:00:27]} 38. hxg5+ {[%emt 0:00:27]} hxg5 {[%emt 0:00:08]} 39. f5 {[%emt 0:00:06]} Nf8 {[%emt 0:00:47]} 40. Kf3 {[%emt 0:00:45]} Nd7 {[%emt 0:00:33]} 41. Rc2 {[%emt 0:08:36]} Ke7 {[%emt 0:07:14]} 42. g4 {[%emt 0:01:15]} Rc8 {[%emt 0:02:49]} 43. Rh2 {[%emt 0:05:11]} Nf6 {[%emt 0:05:55]} 44. Rb2 {[%emt 0:06:32]} Rc7 {[%emt 0:00:51]} 45. Rb8 {[%emt 0:00:28]} Kd7 {[%emt 0:03:52]} 46. a4 {[%emt 0:07:30]} Ke7 {[%emt 0:06:28]} 47. a5 {[%emt 0:00:29]} Kd7 {[%emt 0:02:19]} 48. a6 {[%emt 0:02:10]} Ke7 {[%emt 0:00:55]} 49. Ra8 {[%emt 0:08:54]} Kd7 {[%emt 0:04:03]} 50. Rh8 {[%emt 0:00:51]} Ke7 {[%emt 0:01:26]} 51. Rh6 {[%emt 0:03:05]} Kf7 {[%emt 0:04:55]} 52. Rg6 {[%emt 0:02:02]} Nd7 {[%emt 0:05:44]} 53. Rxg5 {[%emt 0:01:26]} Nxc5 {[%emt 0:00:15]} 54. Rh5 {[%emt 0:00:15]} 1-0

[Event "BL 2018-19"]
[Site "Berlin"]
[Date "2019.03.01"]
[Round "9.24"]
[White "Carlstedt, Jonathan"]
[Black "Olsen, Filip Boe"]
[Result "1-0"]
[WhiteElo "2418"]
[BlackElo "2335"]
[Annotator "NA"]
[PlyCount "81"]
[EventDate "2018.11.10"]
[EventType "team-tourn"]
[EventCountry "GER"]
[SourceTitle "playchess.com"]
[Source "ChessBase"]
[SourceQuality "1"]
[WhiteTeam "Hamburg SK"]
[BlackTeam "Kiel"]
[TimeControl "40/6000+30:3000+30"]

1. d4 {[%emt 0:00:00]} d5 {[%emt 0:00:00]} 2. Bf4 {[%emt 0:00:00]} Nf6 {[%emt 0:00:07]} 3. e3 {[%emt 0:00:00]} c5 {[%emt 0:00:40]} 4. c3 {[%emt 0:00:00]} Nc6 {[%emt 0:00:21]} 5. Nd2 {[%emt 0:00:01]} Bf5 {[%emt 0:00:53]} 6. Ngf3 {[%emt 0:00:11]} e6 {[%emt 0:00:38]} 7. Nh4 {[%emt 0:02:03]} Be4 {[%emt 0:02:06]} 8. Nxe4 {[%emt 0:00:16]} Nxe4 {[%emt 0:01:55]} 9. Nf3 {[%emt 0:02:44]} g5 {[%emt 0:12:44]} 10. Bg3 {[%emt 0:03:06]} h5 {[%emt 0:03:15]} 11. Qb3 {[%emt 0:04:13]} Qc8 {[%emt 0:04:39]} 12. dxc5 {[%emt 0:04:20]} h4 {[%emt 0:19:25]} 13. Bd6 {[%emt 0:01:50]} g4 {[%emt 0:05:28]} 14. Nd4 {[%emt 0:21:51]} Nxd6 {[%emt 0:10:16]} 15. cxd6 {[%emt 0:00:46]} Bxd6 {[%emt 0:03:58]} 16. Bb5 {[%emt 0:02:30]} Ke7 {[%emt 0:05:20]} 17. O-O-O {[%emt 0:03:44]} Qc7 {[%emt 0:07:43]} 18. Be2 {[%emt 0:10:23]} Nxd4 {[%emt 0:05:01]} 19. exd4 {[%emt 0:05:07]} g3 {[%emt 0:02:58]} 20. fxg3 {[%emt 0:01:36]} hxg3 {[%emt 0:00:55]} 21. h4 {[%emt 0:00:13]} a6 {[%emt 0:01:13]} 22. Rde1 {[%emt 0:03:43]} b5 {[%emt 0:05:38]} 23. Kb1 {[%emt 0:01:03]} Rab8 {[%emt 0:03:41]} 24. h5 {[%emt 0:03:06]} Qc6 {[%emt 0:04:39]} 25. Rhf1 {[%emt 0:04:01]} a5 {[%emt 0:01:46]} 26. Qc2 {[%emt 0:02:36]} b4 {[%emt 0:02:35]} 27. Rxf7+ {[%emt 0:04:23]} Kxf7 {[%emt 0:00:55]} 28. Qg6+ {[%emt 0:00:07]} Ke7 {[%emt 0:00:15]} 29. Qg7+ {[%emt 0:00:12]} Kd8 {[%emt 0:00:35]} 30. Qxh8+ {[%emt 0:00:07]} Kd7 {[%emt 0:01:41]} 31. Qh7+ {[%emt 0:02:49]} Kd8 {[%emt 0:02:24]} 32. Qg8+ {[%emt 0:02:51]} Kc7 {[%emt 0:00:25]} 33. Qf7+ {[%emt 0:00:28]} Kd8 {[%emt 0:00:34]} 34. c4 {[%emt 0:15:54]} dxc4 {[%emt 0:00:41]} 35. Bf3 {[%emt 0:00:19]} Qd7 {[%emt 0:01:02]} 36. Qg6 {[%emt 0:00:49]} c3 {[%emt 0:00:43]} 37. Rxe6 {[%emt 0:01:13]} c2+ {[%emt 0:00:42]} 38. Kxc2 {[%emt 0:00:37]} Rc8+ {[%emt 0:00:31]} 39. Kb1 {[%emt 0:00:30]} Kc7 {[%emt 0:00:01]} 40. Re1 {[%emt 0:02:08]} Kb8 {[%emt 0:00:26]} 41. Bg4 {[%emt 0:50:17]} 1-0

[Event "BL 2018-19"]
[Site "Berlin"]
[Date "2019.03.01"]
[Round "9.25"]
[White "Kulaots, Kaido"]
[Black "Mons, Leon"]
[Result "0-1"]
[WhiteElo "2551"]
[BlackElo "2554"]
[Annotator "ChessBase"]
[PlyCount "140"]
[EventDate "2018.11.10"]
[EventType "team-tourn"]
[EventCountry "GER"]
[SourceTitle "playchess.com"]
[Source "ChessBase"]
[SourceQuality "1"]
[WhiteTeam "Augsburg"]
[BlackTeam "Zugzwang Muenchen"]
[TimeControl "40/6000+30:3000+30"]

1. e4 {[%emt 0:00:00]} e5 {[%emt 0:00:00]} 2. Nf3 {[%emt 0:00:00]} Nc6 {[%emt 0:00:00]} 3. Bb5 {[%emt 0:00:20]} a6 {[%emt 0:00:01]} 4. Ba4 {[%emt 0:00:15]} Nf6 {[%emt 0:00:19]} 5. O-O {[%emt 0:00:41]} Be7 {[%emt 0:00:15]} 6. d3 {[%emt 0:00:33]} b5 {[%emt 0:00:21]} 7. Bb3 {[%emt 0:00:06]} d6 {[%emt 0:00:10]} 8. a4 {[%emt 0:00:35]} Bd7 {[%emt 0:02:00]} 9. c3 {[%emt 0:02:36]} O-O {[%emt 0:01:59]} 10. Bc2 {[%emt 0:00:28]} Re8 {[%emt 0:06:46]} 11. Re1 {[%emt 0:01:16]} h6 {[%emt 0:02:47]} 12. Nbd2 {[%emt 0:00:29]} Bf8 {[%emt 0:02:31]} 13. h3 {[%emt 0:00:36]} b4 {[%emt 0:08:14]} 14. d4 {[%emt 0:03:40]} bxc3 {[%emt 0:03:45]} 15. bxc3 {[%emt 0:00:09]} exd4 {[%emt 0:04:44]} 16. cxd4 {[%emt 0:00:22]} Nb4 {[%emt 0:08:47]} 17. Bb1 {[%emt 0:00:24]} c5 {[%emt 0:05:43]} 18. d5 {[%emt 0:01:12]} a5 {[%emt 0:02:29]} 19. Nc4 {[%emt 0:03:02]} Bc8 {[%emt 0:02:31]} 20. Ra3 {[%emt 0:08:25]} Ba6 {[%emt 0:03:27]} 21. Nfd2 {[%emt 0:02:37]} g6 {[%emt 0:08:47]} 22. Bb2 {[%emt 0:04:51]} Bg7 {[%emt 0:00:40]} 23. Qc1 {[%emt 0:06:19]} Qc7 {[%emt 0:07:29]} 24. Rf3 {[%emt 0:13:00]} Nd7 {[%emt 0:03:00]} 25. Bxg7 {[%emt 0:01:39]} Kxg7 {[%emt 0:00:03]} 26. Qc3+ {[%emt 0:00:19]} Ne5 {[%emt 0:06:35]} 27. Nxe5 {[%emt 0:01:19]} dxe5 {[%emt 0:05:38]} 28. Nc4 {[%emt 0:13:08]} Bxc4 {[%emt 0:01:58]} 29. Qxc4 {[%emt 0:00:22]} Rab8 {[%emt 0:11:00]} 30. Rc1 {[%emt 0:06:10]} Rec8 {[%emt 0:00:41]} 31. Qc3 {[%emt 0:01:21]} Qd6 {[%emt 0:01:16]} 32. Qa1 {[%emt 0:03:09]} Kg8 {[%emt 0:03:42]} 33. Rfc3 {[%emt 0:01:57]} Rc7 {[%emt 0:02:45]} 34. Rc4 {[%emt 0:00:23]} Rbc8 {[%emt 0:00:53]} 35. Qc3 {[%emt 0:01:48]} Kh7 {[%emt 0:01:08]} 36. Qe3 {[%emt 0:04:44]} Kg7 {[%emt 0:00:45]} 37. Bc2 {[%emt 0:02:43]} Rb8 {[%emt 0:02:08]} 38. Bd1 {[%emt 0:07:31]} Na6 {[%emt 0:01:18]} 39. Be2 {[%emt 0:01:07]} Rb4 {[%emt 0:01:19]} 40. h4 {[%emt 0:02:22]} h5 {[%emt 0:01:24]} 41. Qc3 {[%emt 0:58:22]} Kg8 {[%emt 0:05:42]} 42. g3 {[%emt 0:00:00]} Kf8 {[%emt 0:01:06]} 43. Qc2 {[%emt 0:00:00]} Kg7 {[%emt 0:05:39]} 44. Qd2 {[%emt 0:00:00]} Rcb7 {[%emt 0:04:25]} 45. Kg2 {[%emt 0:00:00]} Rxc4 {[%emt 0:02:54]} 46. Bxc4 {[%emt 0:00:00]} Rb4 {[%emt 0:01:43]} 47. Qc2 {[%emt 0:00:00]} Nb8 {[%emt 0:10:53]} 48. Bb5 {[%emt 0:00:00]} Nd7 {[%emt 0:03:42]} 49. Bxd7 {[%emt 0:00:00]} Qxd7 {[%emt 0:00:02]} 50. Qxc5 {[%emt 0:00:00]} Rxe4 {[%emt 0:00:12]} 51. d6 {[%emt 0:00:00]} Kf6 {[%emt 0:06:04]} 52. Qc7 {[%emt 0:06:11]} Ke6 {[%emt 0:00:29]} 53. Qxa5 {[%emt 0:01:35]} Rd4 {[%emt 0:02:40]} 54. Qb6 {[%emt 0:02:26]} Rxd6 {[%emt 0:00:45]} 55. Qb3+ {[%emt 0:00:04]} Kf6 {[%emt 0:01:15]} 56. a5 {[%emt 0:00:16]} Qe6 {[%emt 0:01:31]} 57. Qf3+ {[%emt 0:02:31]} Kg7 {[%emt 0:01:46]} 58. Ra1 {[%emt 0:00:25]} Ra6 {[%emt 0:00:34]} 59. Qe4 {[%emt 0:00:42]} Kh7 {[%emt 0:01:05]} 60. Kg1 {[%emt 0:00:14]} Qd6 {[%emt 0:01:03]} 61. Qc4 {[%emt 0:00:33]} Kg7 {[%emt 0:00:46]} 62. Qb5 {[%emt 0:00:22]} Qf6 {[%emt 0:01:57]} 63. Re1 {[%emt 0:00:53]} e4 {[%emt 0:01:29]} 64. Qc5 {[%emt 0:01:29]} e3 {[%emt 0:01:57]} 65. fxe3 {[%emt 0:01:47]} Qf3 {[%emt 0:00:36]} 66. Qe5+ {[%emt 0:00:26]} Rf6 {[%emt 0:00:42]} 67. Ra1 {[%emt 0:01:23]} Kh7 {[%emt 0:00:19]} 68. a6 {[%emt 0:00:55]} Rf5 {[%emt 0:01:16]} 69. Qc7 {[%emt 0:01:26]} Qxe3+ {[%emt 0:00:09]} 70. Kh1 {[%emt 0:00:31]} Qe4+ 0-1

[Event "BL 2018-19"]
[Site "Berlin"]
[Date "2019.03.01"]
[Round "9.26"]
[White "Kindermann, Stefan"]
[Black "Laznicka, Viktor"]
[Result "1/2-1/2"]
[WhiteElo "2500"]
[BlackElo "2668"]
[Annotator "TA"]
[PlyCount "53"]
[EventDate "2018.11.10"]
[EventType "team-tourn"]
[EventCountry "GER"]
[SourceTitle "playchess.com"]
[Source "ChessBase"]
[SourceQuality "1"]
[WhiteTeam "Zugzwang Muenchen"]
[BlackTeam "Augsburg"]

{[%evp 9,53,-12,-2,-3,-3,0,2,0,1,0,0,0,16,14,25,26,23,20,34,-13,26,26,25,0,12,0,11,7,12,14,15,0,0,0,40,22,42,40,47,35,48,24,25,24,30,29]} 1. e4 c5 2. d3 Nc6 3. f4 d5 4. Be2 e6 5. Nf3 Bd6 $146 (5... Nf6 6. e5 Nd7 7. c3 b5 8. O-O Be7 9. Be3 Rb8 10. Nbd2 a5 11. d4 b4 12. c4 cxd4 13. Nxd4 Nxd4 14. Bxd4 {0-1 (47) Kovalev,V (2639)-Ganguly,S (2650) Riadh 2017}) 6. O-O {B21: Sicilian: 2 f4 and Morra Gambit} Nge7 7. e5 Bc7 8. c3 {The position is equal.} Nf5 9. Na3 O-O 10. Nc2 f6 {[%cal Rf6e5]} 11. d4 cxd4 12. cxd4 Bb6 13. Kh1 Bd7 14. Bd3 Be8 15. Bxf5 exf5 16. exf6 Rxf6 17. Ne5 Rh6 18. Be3 Qh4 {[%csl Gh6][%cal Rh4h2] [#]} 19. h3 Rc8 20. Rc1 Bh5 21. Qd2 Qd8 (21... Bg4 $5) 22. Qf2 Re6 23. Ne1 h6 24. N1d3 Be8 25. Nc5 Bxc5 26. Rxc5 b6 27. Rc3 {Accuracy: White = 66%, Black = 35%.} 1/2-1/2

[Event "BL 2018-19"]
[Site "Berlin"]
[Date "2019.03.01"]
[Round "9.27"]
[White "Postny, Evgeny"]
[Black "Hertneck, Gerald"]
[Result "1/2-1/2"]
[WhiteElo "2617"]
[BlackElo "2492"]
[Annotator "ChessBase"]
[PlyCount "86"]
[EventDate "2018.11.10"]
[EventType "team-tourn"]
[EventCountry "GER"]
[SourceTitle "playchess.com"]
[Source "ChessBase"]
[SourceQuality "1"]
[WhiteTeam "Augsburg"]
[BlackTeam "Zugzwang Muenchen"]
[TimeControl "40/6000+30:3000+30"]

1. d4 {[%emt 0:00:00]} Nf6 {[%emt 0:00:00]} 2. c4 {[%emt 0:00:00]} e6 {[%emt 0:00:02]} 3. Nf3 {[%emt 0:00:00]} Bb4+ {[%emt 0:00:08]} 4. Nbd2 {[%emt 0:00:20]} d5 {[%emt 0:01:14]} 5. Qa4+ {[%emt 0:03:40]} Nc6 {[%emt 0:00:51]} 6. e3 {[%emt 0:00:29]} O-O {[%emt 0:00:41]} 7. a3 {[%emt 0:04:28]} Bxd2+ {[%emt 0:01:36]} 8. Bxd2 {[%emt 0:02:00]} Ne4 {[%emt 0:00:08]} 9. Qc2 {[%emt 0:04:06]} Nxd2 {[%emt 0:00:59]} 10. Qxd2 {[%emt 0:00:39]} b6 {[%emt 0:04:50]} 11. b4 {[%emt 0:07:40]} Ne7 {[%emt 0:01:22]} 12. cxd5 {[%emt 0:03:54]} Nxd5 {[%emt 0:01:50]} 13. Be2 {[%emt 0:08:52]} Bb7 {[%emt 0:00:42]} 14. O-O {[%emt 0:00:10]} Qe7 {[%emt 0:00:35]} 15. Rfc1 {[%emt 0:02:16]} Rfc8 {[%emt 0:00:26]} 16. Rab1 {[%emt 0:12:10]} Nf6 {[%emt 0:05:06]} 17. Ne5 {[%emt 0:07:39]} c5 {[%emt 0:22:39]} 18. dxc5 {[%emt 0:03:38]} bxc5 {[%emt 0:00:08]} 19. b5 {[%emt 0:08:22]} Rd8 {[%emt 0:01:01]} 20. Qe1 {[%emt 0:04:27]} Rac8 {[%emt 0:03:47]} 21. a4 {[%emt 0:01:41]} Ne4 {[%emt 0:01:56]} 22. Nc4 {[%emt 0:02:12]} Bd5 {[%emt 0:01:19]} 23. Rc2 {[%emt 0:10:31]} Nd6 {[%emt 0:03:55]} 24. Rbc1 {[%emt 0:03:16]} Qg5 {[%emt 0:01:46]} 25. Qf1 {[%emt 0:01:53]} Nxc4 {[%emt 0:02:32]} 26. Bxc4 {[%emt 0:00:11]} Bxc4 {[%emt 0:01:00]} 27. Rxc4 {[%emt 0:05:36]} Rd2 {[%emt 0:00:52]} 28. Qe1 {[%emt 0:01:35]} Qd8 {[%emt 0:02:01]} 29. h3 {[%emt 0:03:09]} h6 {[%emt 0:03:24]} 30. Qf1 {[%emt 0:01:02]} Rc7 {[%emt 0:05:11]} 31. R4c2 {[%emt 0:01:15]} Rxc2 {[%emt 0:01:41]} 32. Rxc2 {[%emt 0:00:05]} Rd7 {[%emt 0:00:07]} 33. Qc4 {[%emt 0:02:42]} Rd1+ {[%emt 0:00:20]} 34. Kh2 {[%emt 0:00:05]} Qd6+ {[%emt 0:00:07]} 35. g3 {[%emt 0:02:09]} Qe5 {[%emt 0:02:27]} 36. Qe2 {[%emt 0:03:58]} Qd5 {[%emt 0:08:07]} 37. e4 {[%emt 0:00:19]} Qd4 {[%emt 0:00:06]} 38. Kg2 {[%emt 0:01:38]} Qa1 {[%emt 0:00:56]} 39. Rxc5 {[%emt 0:00:40]} Rg1+ {[%emt 0:00:10]} 40. Kh2 {[%emt 0:00:12]} Rh1+ {[%emt 0:02:09]} 41. Kg2 {[%emt 0:50:04]} Rg1+ {[%emt 0:56:27]} 42. Kh2 {[%emt 0:00:26]} Rh1+ {[%emt 0:02:12]} 43. Kg2 {[%emt 0:00:05]} Rg1+ {[%emt 0:01:37]} 1/2-1/2

[Event "BL 2018-19"]
[Site "Berlin"]
[Date "2019.03.01"]
[Round "9.28"]
[White "Zysk, Robert"]
[Black "Prusikin, Michael"]
[Result "1/2-1/2"]
[WhiteElo "2404"]
[BlackElo "2510"]
[Annotator "TA"]
[PlyCount "61"]
[EventDate "2018.11.10"]
[EventType "team-tourn"]
[EventCountry "GER"]
[SourceTitle "playchess.com"]
[Source "ChessBase"]
[SourceQuality "1"]
[WhiteTeam "Zugzwang Muenchen"]
[BlackTeam "Augsburg"]

{[%evp 20,61,14,19,29,21,31,7,25,28,22,24,95,84,87,18,20,-11,23,39,19,22,87,78,79,84,94,8,8,20,17,32,26,18,28,18,29,5,5,5,0,7,11,0]} 1. d4 Nf6 2. c4 e6 3. Nc3 Bb4 4. Qc2 d5 5. cxd5 exd5 6. Nf3 O-O 7. Bg5 {E32: Nimzo-Indian: Classical (4 Qc2): 4...0-0} h6 8. Bh4 Be6 9. e3 c5 10. Be2 Nbd7 11. O-O {LiveBook: 4 Games} Qa5 12. dxc5 Bxc3 13. c6 $146 ({Predecessor:} 13. bxc3 Rfc8 14. Rab1 Ne4 15. Rfc1 Rxc5 {1-0 (54) Le,Q (2697)-Lenderman,A (2623) Las Vegas 2015}) 13... bxc6 {[#] aiming for ...Be5.} 14. bxc3 Ne4 15. Rfc1 Bf5 (15... c5 $11 {keeps the balance.}) 16. Nd4 $36 {[%mdl 2048] Black is under strong pressure.} Bh7 {[#]} 17. Qd1 ({Much weaker is} 17. Nxc6 $6 Qc5 $11) ({Better is} 17. f3 $1 $16) 17... Ne5 $11 18. f4 Ng6 19. Be1 $1 Ne7 20. c4 Qd8 (20... Qa3 $11 21. Qb3 Qd6) 21. cxd5 $16 c5 22. Nc6 Qd6 23. Bf3 (23. Bb5 $16) 23... Nxc6 $11 24. dxc6 Qxc6 25. Rc4 Qe6 26. Rac1 Rac8 27. Qe2 Rfe8 28. Bxe4 Bxe4 {The position is equal.} 29. Rxc5 Rxc5 30. Rxc5 Qg6 31. Rc1 {Precision: White = 58%, Black = 47%.} 1/2-1/2

[Event "BL 2018-19"]
[Site "Berlin"]
[Date "2019.03.01"]
[Round "9.29"]
[White "Arnaudov, G. Petar"]
[Black "Gerigk, Erasmus"]
[Result "1-0"]
[WhiteElo "2459"]
[BlackElo "2355"]
[Annotator "ChessBase"]
[PlyCount "143"]
[EventDate "2018.11.10"]
[EventType "team-tourn"]
[EventCountry "GER"]
[SourceTitle "playchess.com"]
[Source "ChessBase"]
[SourceQuality "1"]
[WhiteTeam "Augsburg"]
[BlackTeam "Zugzwang Muenchen"]
[TimeControl "40/6000+30:3000+30"]

1. d4 {[%emt 0:00:00]} Nf6 {[%emt 0:00:00]} 2. c4 {[%emt 0:00:00]} e6 3. Nc3 {[%emt 0:00:13]} Bb4 {[%emt 0:00:00]} 4. g3 {[%emt 0:00:11]} O-O 5. Bg2 {[%emt 0:02:30]} d5 {[%emt 0:03:35]} 6. Nf3 dxc4 {[%emt 0:06:00]} 7. O-O {[%emt 0:01:28]} Nc6 {[%emt 0:02:11]} 8. Qa4 Rb8 {[%emt 0:12:19]} 9. Qb5 {[%emt 0:03:42]} Bxc3 {[%emt 0:04:00]} 10. bxc3 {[%emt 0:01:22]} Qd5 {[%emt 0:00:38]} 11. a4 {[%emt 0:00:05]} a6 {[%emt 0:01:57]} 12. Qb2 {[%emt 0:00:05]} Qh5 {[%emt 0:03:55]} 13. Nd2 {[%emt 0:13:28]} Na5 {[%emt 0:15:53]} 14. e4 {[%emt 0:28:10]} b5 15. Qc2 {[%emt 0:02:44]} Nc6 {[%emt 0:19:53]} 16. axb5 {[%emt 0:05:49]} axb5 {[%emt 0:00:19]} 17. f4 Qe2 {[%emt 0:11:18]} 18. Bf3 {[%emt 0:07:20]} Qd3 19. Qxd3 {[%emt 0:00:38]} cxd3 {[%emt 0:00:36]} 20. Nb3 Nd7 {[%emt 0:05:48]} 21. d5 {[%emt 0:03:10]} Nd8 {[%emt 0:04:03]} 22. Ba3 {[%emt 0:02:31]} Re8 {[%emt 0:00:09]} 23. d6 cxd6 {[%emt 0:02:29]} 24. Bxd6 {[%emt 0:00:45]} Rb6 {[%emt 0:00:42]} 25. e5 {[%emt 0:00:20]} Ra6 {[%emt 0:03:19]} 26. Rad1 {[%emt 0:03:47]} Bb7 {[%emt 0:00:50]} 27. Rxd3 {[%emt 0:00:33]} Bxf3 {[%emt 0:00:22]} 28. Rfxf3 {[%emt 0:00:04]} Nb7 {[%emt 0:01:19]} 29. Bb4 {[%emt 0:00:44]} Nb6 {[%emt 0:02:00]} 30. Nd4 {[%emt 0:00:13]} Nd5 {[%emt 0:02:23]} 31. Nxb5 {[%emt 0:00:20]} Nxb4 {[%emt 0:01:05]} 32. cxb4 {[%emt 0:00:12]} Rb6 {[%emt 0:00:48]} 33. Nc7 Rc8 34. Rc3 {[%emt 0:10:27]} Rxb4 {[%emt 0:01:24]} 35. Rfd3 {[%emt 0:00:30]} h5 36. Kg2 {[%emt 0:00:47]} Rd8 {[%emt 0:03:36]} 37. Rxd8+ {[%emt 0:01:29]} Nxd8 {[%emt 0:00:03]} 38. Ne8 {[%emt 0:00:25]} Nb7 {[%emt 0:04:29]} 39. Rc8 {[%emt 0:03:03]} Kh7 {[%emt 0:00:09]} 40. Kf3 {[%emt 0:01:06]} Kg6 {[%emt 0:00:29]} 41. Rc7 {[%emt 0:00:00]} Rb3+ {[%emt 0:12:51]} 42. Ke4 Rb4+ {[%emt 0:02:57]} 43. Kd3 {[%emt 0:00:27]} Rb1 {[%emt 0:00:32]} 44. Ke3 Re1+ {[%emt 0:08:20]} 45. Kf3 {[%emt 0:05:57]} Rb1 {[%emt 0:00:22]} 46. Kg2 {[%emt 0:00:06]} Rb3 {[%emt 0:01:54]} 47. Kh3 {[%emt 0:00:15]} Rb2 {[%emt 0:01:43]} 48. g4 {[%emt 0:03:27]} hxg4+ {[%emt 0:06:51]} 49. Kxg4 {[%emt 0:00:06]} Rb1 {[%emt 0:00:39]} 50. h4 {[%emt 0:01:38]} Rg1+ {[%emt 0:00:09]} 51. Kf3 {[%emt 0:00:07]} Rf1+ {[%emt 0:00:49]} 52. Kg3 {[%emt 0:00:22]} Rg1+ {[%emt 0:00:33]} 53. Kf2 {[%emt 0:00:25]} Rb1 {[%emt 0:00:12]} 54. Ke2 {[%emt 0:01:08]} Rb3 {[%emt 0:01:57]} 55. Kf2 {[%emt 0:00:47]} Rb1 {[%emt 0:00:10]} 56. h5+ {[%emt 0:00:51]} Kxh5 {[%emt 0:00:38]} 57. Rxf7 {[%emt 0:02:46]} g5 {[%emt 0:07:22]} 58. f5 {[%emt 0:03:23]} exf5 {[%emt 0:06:11]} 59. e6 {[%emt 0:03:04]} f4 60. e7 Rb2+ {[%emt 0:01:28]} 61. Ke1 {[%emt 0:01:30]} Rb1+ 62. Kd2 {[%emt 0:03:40]} Rb2+ {[%emt 0:02:38]} 63. Kd3 {[%emt 0:04:01]} Rb3+ {[%emt 0:00:26]} 64. Ke4 Kg6 {[%emt 0:01:20]} 65. Rf6+ {[%emt 0:02:33]} Kh7 66. Kf5 {[%emt 0:01:14]} Rb5+ {[%emt 0:01:37]} 67. Ke6 {[%emt 0:02:28]} Nc5+ {[%emt 0:00:42]} 68. Kf7 {[%emt 0:00:24]} Nd7 69. Rd6 Ne5+ {[%emt 0:02:31]} 70. Ke6 {[%emt 0:02:57]} Ng4 71. Nf6+ {[%emt 0:00:57]} Kg7 {[%emt 0:01:12]} 72. Nxg4 {[%emt 0:00:23]} 1-0